| 000 | 01023nam a2200253Ia 4500 | ||
|---|---|---|---|
| 003 | IN-BaIIA | ||
| 008 | 211028s9999 xx 000 0 eng d | ||
| 020 | _a978-1-583812-31-0 | ||
| 040 | _cIIA Library | ||
| 080 |
_a082.2:52 _bASP-363 |
||
| 111 |
_aConference on the Nature of V838 Mon and its Light Echo _cSpain _d2006 May 16-19 _931842 |
||
| 245 | 4 |
_aThe nature of V838 Mon and its light echo _bproceeding of a conference held in La Palma, Spain, 16-19 May 2006 _cedited by R. L. M. Corradi and U. Munari |
|
| 260 |
_aSan Francisco _bAstronomical Society of the Pacific _c2007 |
||
| 300 | _axv, 292p. | ||
| 490 | _aASP conference series; v. 363 | ||
| 650 |
_aCircumstellar - congresses _931843 |
||
| 650 |
_aInterstellar - congresses _931844 |
||
| 650 |
_aLight echo - congresses _931845 |
||
| 650 |
_aOutburst - congresses _931846 |
||
| 650 |
_aV838 MON - congresses _931847 |
||
| 700 |
_aCorradi, R. L. M., ed. _929254 |
||
| 700 |
_aMunari, U., ed. _931848 |
||
| 942 | _cBK | ||
| 999 |
_c16978 _d16978 |
||